Central Library and Information Centre
Sibsagar Girls' College, Sivasagar : Assam

STRETAGIES FOR DEVELOPING WOMEN ENTERPRENEURSHIP (Record no. 17632)

MARC details
000 -LEADER
fixed length control field 00482cam a2200193ua 4500
008 - FIXED-LENGTH DATA ELEMENTS--GENERAL INFORMATION
fixed length control field 140109n II |||gr||||Z||||||eng
040 ## - CATALOGING SOURCE
Original cataloging agency MAIN
041 ## - LANGUAGE CODE
-- English
082 ## - DEWEY DECIMAL CLASSIFICATION NUMBER
Classification number 305.42 SHE
100 ## - MAIN ENTRY--PERSONAL NAME
Personal name SHETTY, E.D.
245 ## - TITLE STATEMENT
Title STRETAGIES FOR DEVELOPING WOMEN ENTERPRENEURSHIP
250 ## - EDITION STATEMENT
Edition statement 1ST.
260 ## - PUBLICATION, DISTRIBUTION, ETC.
Place of publication, distribution, etc. NEW DELHI
Name of publisher, distributor, etc. AKANSHA PUBLISHING HOUSE
Date of publication, distribution, etc. 2010.
300 ## - PHYSICAL DESCRIPTION
Extent 397:
Dimensions 21cm.
700 ## - ADDED ENTRY--PERSONAL NAME
Personal name KRISHNAMOORTHY, P.
942 ## - ADDED ENTRY ELEMENTS (KOHA)
Koha item type Books
653 ## - INDEX TERM--UNCONTROLLED
Uncontrolled term WOMEN STUDIES
Holdings
Withdrawn status Lost status Damaged status Not for loan Home library Current library Shelving location Date acquired Total Checkouts Full call number Barcode Date last seen Copy number Price effective from Koha item type Collection code
        Central Library and Information Centre Sibsagar Girls College Central Library and Information Centre Sibsagar Girls College   27.02.2020   305.42 SHE 26969 27.02.2020 1 27.02.2020 Books  
        Central Library and Information Centre Sibsagar Girls College Central Library and Information Centre Sibsagar Girls College Women Studies 22.09.2011   305.42 SHE 26970 27.02.2020 2 27.02.2020 Books REFSOC


Sibsagar Girl's College © 2020. All rights reserved.
Powered by Koha.
Maintained by Abhijit Borpuzari.